Fantasmic! Characters Quiz Stats

 Plays Quiz not verified by Sporcle

Score 0/23 Timer 04:00
0 Plays Today
Character % Correct
Mickey Mouse
94.5%
Peter Pan
91.1%
Ariel
91%
The Beast
90.3%
Snow White
89.8%
Belle
89.7%
Captain Hook
88.6%
Pinocchio
87.6%
Wendy
87.2%
Prince Eric
84.9%
The Prince
81.4%
Ursula
78.1%
Character % Correct
Evil Queen/The Witch
76.5%
Smee
75.2%
Maleficent
66.6%
King Louie
66.3%
Tinkerbell
66.3%
Kaa
62.3%
Jiminy Cricket
61.6%
Tick Tock the Crocodile
61.4%
Monstro
52.3%
Chernabog
41.5%
Slave in the Magic Mirror
37%

You're not logged in!

Compare scores with friends on all Sporcle quizzes.
OR
Log In

Show Comments

Extras

Top Quizzes Today


Score Distribution

Your Account Isn't Verified!

In order to create a playlist on Sporcle, you need to verify the email address you used during registration. Go to your Sporcle Settings to finish the process.

Report this User

Report this user for behavior that violates our Community Guidelines.

Details: